[Event "GRE-chT 50th"]
[Site "Nikaia"]
[Date "2023.08.28"]
[Round "5.6"]
[White "Tsekoura, Vaia"]
[Black "Pasoglou, Nikoleta"]
[Result "1-0"]
[WhiteElo "1769"]
[BlackElo "1465"]
[PlyCount "65"]
[EventDate "2023.08.25"]
[EventType "team"]
[EventRounds "9"]
[EventCountry "GRE"]
[SourceTitle "EXT 2024"]
[Source "ChessBase"]
[SourceDate "2023.10.10"]
[SourceVersion "1"]
[SourceVersionDate "2023.10.10"]
[SourceQuality "1"]
[WhiteTeam "Ames Neas Erythreas"]
[BlackTeam "OPHI"]
[WhiteTeamCountry "GRE"]
[BlackTeamCountry "GRE"]

1. e4 c5 2. Nf3 a6 3. c3 d5 4. exd5 Qxd5 5. d4 Nf6 6. c4 Qd8 7. Bg5 e6 8. Nc3 Be7 9. Be2 Nbd7 10. 0-0 0-0 11. h3 h6 12. Be3 cxd4 13. Nxd4 Nc5 14. Qc2 e5 15. Nf3 Ncd7 16. Rfd1 Qc7 17. Rac1 Re8 18. a3 Rb8 19. b4 b6 20. Qb2 e4 21. Nd2 Bb7 22. Nd5 Bxd5 23. cxd5 Qb7 24. Bf4 Rbc8 25. d6 Bf8 26. Rc7 Rxc7 27. dxc7 Rc8 28. Qd4 Nd5 29. Bxa6 Nxf4 30. Bxb7 Ne2+ 31. Kf1 Nxd4 32. Bxc8 Nf6 33. Ba6 1-0

[Event "GRE-chT 50th"]
[Site "Nikaia"]
[Date "2023.08.27"]
[Round "4.6"]
[White "Pasoglou, Nikoleta"]
[Black "Athanasiou, Soumela"]
[Result "1/2-1/2"]
[WhiteElo "1465"]
[BlackElo "1606"]
[PlyCount "60"]
[EventDate "2023.08.25"]
[EventType "team"]
[EventRounds "9"]
[EventCountry "GRE"]
[SourceTitle "EXT 2024"]
[Source "ChessBase"]
[SourceDate "2023.10.10"]
[SourceVersion "1"]
[SourceVersionDate "2023.10.10"]
[SourceQuality "1"]
[WhiteTeam "OPHI"]
[BlackTeam "Evoiki ES"]
[WhiteTeamCountry "GRE"]
[BlackTeamCountry "GRE"]

1. e4 c6 2. d4 d5 3. exd5 cxd5 4. Bd3 Nc6 5. c3 Nf6 6. h3 Qc7 7. Nf3 g6 8. 0-0 Bf5 9. Re1 Bxd3 10. Qxd3 Bg7 11. Nbd2 0-0 12. Ne5 e6 13. Ndf3 Qb6 14. Rb1 Qa5 15. a3 Nxe5 16. Nxe5 Ne4 17. Bf4 Rfd8 18. Nf3 Rac8 19. Nd2 Nxd2 20. Qxd2 Rd7 21. Be5 Rc6 22. Bxg7 Kxg7 23. Qf4 Qc7 24. Qf3 Qd8 25. Qg3 Rb6 26. Re3 Rb3 27. Qe5+ Qf6 28. Qg3 Qf5 29. Ree1 Qf6 30. h4 h5 1/2-1/2

[Event "GRE-chT 50th"]
[Site "Nikaia"]
[Date "2023.08.26"]
[Round "2.6"]
[White "Pasoglou, Nikoleta"]
[Black "Aleiferi, Aikaterini"]
[Result "1-0"]
[WhiteElo "1465"]
[BlackElo "1248"]
[PlyCount "105"]
[EventDate "2023.08.25"]
[EventType "team"]
[EventRounds "9"]
[EventCountry "GRE"]
[SourceTitle "EXT 2024"]
[Source "ChessBase"]
[SourceDate "2023.10.10"]
[SourceVersion "1"]
[SourceVersionDate "2023.10.10"]
[SourceQuality "1"]
[WhiteTeam "OPHI"]
[BlackTeam "Kidon Hanion"]
[WhiteTeamCountry "GRE"]
[BlackTeamCountry "GRE"]

1. e4 c5 2. Nf3 e6 3. d4 cxd4 4. Nxd4 g6 5. Nc3 Bg7 6. Be3 Ne7 7. Qd2 d5 8. Rd1 e5 9. Nf3 d4 10. Bg5 0-0 11. Nd5 Nbc6 12. Bc4 Qd6 13. 0-0 Be6 14. Nxe7+ Nxe7 15. Bxe6 Qxe6 16. a3 f6 17. Bh4 Rfd8 18. Qb4 Nc6 19. Qxb7 Rab8 20. Qa6 Rxb2 21. Rd2 Rb6 22. Qa4 Rdb8 23. Rfd1 Rb1 24. Bg3 Nd8 25. Nxd4 Qe7 26. Nb3 Rxd1+ 27. Rxd1 Rb7 28. h3 Bf8 29. Qc4+ Kg7 30. a4 Ne6 31. Na5 Rb4 32. Qc6 Nd4 33. Qc8 Rxa4 34. Nc6 Nxc6 35. Rd7 Rc4 36. Rxe7+ Bxe7 37. Qd7 Kf8 38. Qd3 Rd4 39. Qc3 Rd1+ 40. Kh2 Rd6 41. f3 a5 42. Bf2 Nb4 43. Qb3 Ra6 44. c3 a4 45. Qc4 Rc6 46. Qb5 a3 47. cxb4 a2 48. Qa4 Rc2 49. Bc5 Bxc5 50. bxc5 Ke7 51. c6 Kf7 52. Qxc2 a1Q 53. c7 1-0

[Event "GRE-chT 49th"]
[Site "Thessaloniki"]
[Date "2022.08.13"]
[Round "3.5"]
[White "Apostolakaki, Evangelia"]
[Black "Pasoglou, Nikoleta"]
[Result "1-0"]
[WhiteElo "1608"]
[BlackElo "1355"]
[PlyCount "61"]
[EventDate "2022.08.12"]
[EventType "team-swiss"]
[EventRounds "7"]
[EventCountry "GRE"]
[SourceTitle "CBM 209 Extra"]
[Source "ChessBase"]
[SourceDate "2022.09.30"]
[SourceVersion "1"]
[SourceVersionDate "2022.09.30"]
[SourceQuality "1"]
[WhiteTeam "Pneemathlon"]
[BlackTeam "Thessaloniki ES"]
[WhiteTeamCountry "GRE"]
[BlackTeamCountry "GRE"]

1. d4 d5 2. c4 e6 3. Nf3 Nf6 4. g3 Bb4+ 5. Bd2 Be7 6. Bg2 0-0 7. b3 c6 8. 0-0 Nbd7 9. Nc3 b6 10. Qc2 Bb7 11. Rfd1 Rc8 12. e4 dxe4 13. Nxe4 Nxe4 14. Qxe4 Nf6 15. Qe2 c5 16. dxc5 Bxc5 17. b4 Bxf3 18. Bxf3 Bd4 19. Bc3 e5 20. Rac1 Re8 21. a3 Qc7 22. Bxd4 exd4 23. Qb2 Qe5 24. Qxd4 Qf5 25. Rc3 h6 26. c5 bxc5 27. bxc5 Ne4 28. Bxe4 Rxe4 29. Qd3 Re1+ 30. Rxe1 Qxd3 31. Rxd3 1-0

[Event "GRE-chT 49th"]
[Site "Thessaloniki"]
[Date "2022.08.13"]
[Round "2.1"]
[White "Pasoglou, Nikoleta"]
[Black "Gkoutzouki, Aikaterini Argyro"]
[Result "0-1"]
[WhiteElo "1355"]
[BlackElo "1642"]
[PlyCount "64"]
[EventDate "2022.08.12"]
[EventType "team-swiss"]
[EventRounds "7"]
[EventCountry "GRE"]
[SourceTitle "CBM 209 Extra"]
[Source "ChessBase"]
[SourceDate "2022.09.30"]
[SourceVersion "1"]
[SourceVersionDate "2022.09.30"]
[SourceQuality "1"]
[WhiteTeam "Thessaloniki ES"]
[BlackTeam "Evoiki ES"]
[WhiteTeamCountry "GRE"]
[BlackTeamCountry "GRE"]

1. d4 d5 2. c4 e6 3. Nc3 Be7 4. cxd5 exd5 5. Bf4 c6 6. e3 Bd6 7. Bxd6 Qxd6 8. Bd3 Ne7 9. Qc2 b6 10. Nge2 Ba6 11. Bxa6 Nxa6 12. a3 Nc7 13. Ng3 0-0 14. Rc1 Rac8 15. 0-0 f5 16. Nce2 Ne6 17. Nh5 Ng6 18. f4 Ne7 19. Qd2 c5 20. Nhg3 Nc6 21. Rf3 cxd4 22. Nxd4 Ncxd4 23. exd4 Rxc1+ 24. Qxc1 Nxd4 25. Rd3 Ne6 26. Ne2 Nc5 27. Rd1 Qe6 28. Nd4 Qd7 29. Nf3 Rc8 30. Qd2 Ne4 31. Qd3 Qd6 32. Ne5 Qc5+ 0-1

[Event "GRE-ch U16 Girls"]
[Site "Patras"]
[Date "2019.06.26"]
[Round "2.2"]
[White "Koutsouraki, Ariadni"]
[Black "Pasoglou, Nikoleta"]
[Result "1/2-1/2"]
[WhiteElo "1540"]
[BlackElo "1292"]
[PlyCount "91"]
[EventDate "2019.06.25"]
[EventType "swiss"]
[EventRounds "7"]
[EventCountry "GRE"]
[SourceTitle "EXT 2020"]
[Source "ChessBase"]
[SourceDate "2019.10.17"]
[SourceVersion "1"]
[SourceVersionDate "2019.10.17"]
[SourceQuality "1"]
[WhiteTeam "Greece"]
[BlackTeam "Greece"]
[WhiteTeamCountry "GRE"]
[BlackTeamCountry "GRE"]

1. e4 c5 2. Nf3 e6 3. d4 cxd4 4. Nxd4 Nf6 5. Nc3 Nc6 6. Nxc6 bxc6 7. e5 Nd5 8. Ne4 Qc7 9. f4 Qb6 10. c4 Ne3 11. Qd3 Bb4+ 12. Bd2 0-0 13. c5 Bxc5 14. Nxc5 Nxf1 15. Nxd7 Bxd7 16. Rxf1 Bc8 17. Qc3 Ba6 18. Rf2 Rfd8 19. Be3 Qb5 20. a4 Qd5 21. Rd2 Qe4 22. Kf2 c5 23. Rad1 Rxd2+ 24. Qxd2 Qxa4 25. Qd8+ Qe8 26. Qd6 Qb5 27. Qd8+ Qe8 28. Qxe8+ Rxe8 29. Bxc5 Rb8 30. b4 Bb5 31. Bxa7 Ra8 32. Bc5 Ra2+ 33. Kg1 h6 34. Rd8+ Kh7 35. Rd1 Bc6 36. Bf2 Rb2 37. Rc1 Bd5 38. g3 Rxb4 39. Kf1 Rb2 40. h4 Kg6 41. Kg1 Ra2 42. Re1 Kf5 43. Re3 Kg4 44. Kf1 Ra1+ 45. Re1 Ra2 46. Re3 1/2-1/2

[Event "GRE-chT 46th"]
[Site "Rio Achaia"]
[Date "2018.07.15"]
[Round "7.2"]
[White "Kalyva, Kyriaki"]
[Black "Pasoglou, Nikoleta"]
[Result "1-0"]
[WhiteElo "1734"]
[BlackElo "1354"]
[PlyCount "81"]
[EventDate "2018.07.10"]
[EventType "team"]
[EventRounds "7"]
[EventCountry "GRE"]
[SourceTitle "CBM 185 Extra"]
[Source "ChessBase"]
[SourceDate "2018.07.29"]
[SourceVersion "1"]
[SourceVersionDate "2018.07.29"]
[SourceQuality "1"]
[WhiteTeam "Heraklion"]
[BlackTeam "Thessaloniki"]
[WhiteTeamCountry "GRE"]
[BlackTeamCountry "GRE"]

1. d4 Nf6 2. c4 e6 3. Nc3 Bb4 4. e3 0-0 5. Nge2 Re8 6. a3 Bf8 7. Nf4 c5 8. dxc5 Bxc5 9. Bd3 Nc6 10. b3 b6 11. 0-0 Bb7 12. Bb2 Be7 13. Bc2 d6 14. Qe2 a6 15. Rad1 Qc7 16. Rd2 Ne5 17. Rfd1 Ned7 18. Nd3 Nc5 19. f3 Nxd3 20. Qxd3 Rad8 21. Na4 e5 22. e4 Nd7 23. Nc3 Nc5 24. Qe3 Ne6 25. Qf2 d5 26. b4 dxc4 27. Nd5 Bxd5 28. exd5 Nf4 29. Qe3 Bg5 30. Qe4 Ng6 31. d6 Qd7 32. Rd5 b5 33. g3 Bf6 34. h4 Qh3 35. Qe1 Qe6 36. a4 Be7 37. d7 Rf8 38. h5 Qh3 39. hxg6 Bxb4 40. Qxe5 hxg6 41. Qxg7# 1-0

[Event "GRE-chT 46th"]
[Site "Rio Achaia"]
[Date "2018.07.14"]
[Round "6.2"]
[White "Pasoglou, Nikoleta"]
[Black "Mihailidou, Magdalini"]
[Result "1-0"]
[WhiteElo "1354"]
[BlackElo "1762"]
[PlyCount "65"]
[EventDate "2018.07.10"]
[EventType "team"]
[EventRounds "7"]
[EventCountry "GRE"]
[SourceTitle "CBM 185 Extra"]
[Source "ChessBase"]
[SourceDate "2018.07.29"]
[SourceVersion "1"]
[SourceVersionDate "2018.07.29"]
[SourceQuality "1"]
[WhiteTeam "Thessaloniki"]
[BlackTeam "Kavalas"]
[WhiteTeamCountry "GRE"]
[BlackTeamCountry "GRE"]

1. e4 e5 2. Nf3 Nc6 3. Bb5 Nge7 4. c3 a6 5. Ba4 g6 6. 0-0 Bg7 7. d4 exd4 8. cxd4 b5 9. Bc2 d5 10. e5 0-0 11. Bg5 h6 12. Bh4 Bg4 13. Nc3 Bxf3 14. gxf3 g5 15. Bg3 Qd7 16. Qd3 Ng6 17. Rfe1 Rfe8 18. a3 h5 19. e6 Rxe6 20. Rxe6 Qxe6 21. Nxd5 Qxd5 22. Bb3 Qd7 23. Qxg6 Nxd4 24. Rd1 Nxf3+ 25. Kg2 Ne1+ 26. Rxe1 h4 27. Be5 Qg4+ 28. Kf1 Qh3+ 29. Ke2 Qg4+ 30. f3 Qg2+ 31. Ke3 Qxf3+ 32. Kxf3 g4+ 33. Kxg4 1-0

[Event "GRE-chT 46th"]
[Site "Rio Achaia"]
[Date "2018.07.11"]
[Round "2.3"]
[White "Skiadopoulou, Afroditi Lelouda"]
[Black "Pasoglou, Nikoleta"]
[Result "0-1"]
[WhiteElo "1491"]
[BlackElo "1354"]
[PlyCount "92"]
[EventDate "2018.07.10"]
[EventType "team"]
[EventRounds "7"]
[EventCountry "GRE"]
[SourceTitle "CBM 185 Extra"]
[Source "ChessBase"]
[SourceDate "2018.07.29"]
[SourceVersion "1"]
[SourceVersionDate "2018.07.29"]
[SourceQuality "1"]
[WhiteTeam "Portrait"]
[BlackTeam "Thessaloniki"]
[WhiteTeamCountry "GRE"]
[BlackTeamCountry "GRE"]

1. e4 c5 2. Nc3 Nc6 3. Nf3 g6 4. d4 cxd4 5. Nxd4 Bg7 6. Be3 d6 7. Be2 Nf6 8. 0-0 0-0 9. h3 Nxd4 10. Bxd4 b6 11. e5 dxe5 12. Bxe5 Bb7 13. Qd3 Qxd3 14. Bxd3 Rfd8 15. Rfe1 e6 16. Rad1 Nd5 17. Nxd5 Bxd5 18. Bxg7 Kxg7 19. c4 Bb7 20. Bb1 Rac8 21. b3 Kf6 22. f3 e5 23. Kf2 Ke6 24. Rc1 f5 25. Re2 Kf6 26. Rce1 Re8 27. g4 h6 28. Rd1 Red8 29. gxf5 Rxd1 30. Bc2 Rd6 31. fxg6 Re8 32. h4 Kg7 33. h5 Rf6 34. Re3 e4 35. Bd1 Rf5 36. Kg3 Rxh5 37. f4 Rf5 38. Bg4 Rf6 39. f5 Rd6 40. Kf4 Rd3 41. Re1 e3 42. b4 Re4+ 43. Kg3 e2+ 44. Kf2 Rxg4 45. Rxe2 Rg2+ 46. Ke1 Rxe2+ 0-1

[Event "GRE-ch U14 Girls"]
[Site "Rio Achaia"]
[Date "2018.07.04"]
[Round "3"]
[White "Pasoglou, Nikoleta"]
[Black "Nikolakopoulou, Eleni"]
[Result "1-0"]
[WhiteElo "1354"]
[BlackElo "1111"]
[PlyCount "79"]
[EventDate "2018.07.03"]
[EventType "swiss"]
[EventRounds "9"]
[EventCountry "GRE"]
[SourceTitle "EXT 2019"]
[Source "ChessBase"]
[SourceDate "2018.10.10"]
[SourceVersion "1"]
[SourceVersionDate "2018.10.10"]
[SourceQuality "1"]

1. d4 d5 2. Nf3 Nf6 3. e3 c6 4. Bd3 Nbd7 5. b3 e6 6. Bb2 Be7 7. 0-0 0-0 8. Nbd2 c5 9. c4 cxd4 10. Nxd4 e5 11. Ne2 e4 12. Bc2 dxc4 13. Nxc4 b5 14. Nd6 Bxd6 15. Qxd6 Bb7 16. Nd4 a6 17. Rac1 Rc8 18. Bb1 Re8 19. Rxc8 Qxc8 20. Rc1 Qd8 21. Rc7 Bd5 22. Nc6 Bxc6 23. Rxc6 Re6 24. Qc7 Qxc7 25. Rxc7 Rd6 26. Rc8+ Nf8 27. Bd4 h6 28. h3 Re6 29. Kh2 N6d7 30. g4 g6 31. b4 f5 32. a3 Re7 33. Bc5 Rg7 34. Ba2+ Kh7 35. Bxf8 Nxf8 36. Rxf8 Rd7 37. Rf7+ Rxf7 38. Bxf7 Kg7 39. Bd5 Kf6 40. Bb7 1-0

[Event "EThessaloniki SSTH HALK-ch U16"]
[Site "Thessaloniki"]
[Date "2017.11.26"]
[Round "6.5"]
[White "Pasoglou, Nikoleta"]
[Black "Kokona, Iliana"]
[Result "1-0"]
[WhiteElo "1385"]
[BlackElo "1069"]
[PlyCount "107"]
[EventDate "2017.10.01"]
[EventType "swiss"]
[EventRounds "6"]
[EventCountry "GRE"]
[SourceTitle "EXT 2024"]
[Source "ChessBase"]
[SourceDate "2023.10.10"]
[SourceVersion "1"]
[SourceVersionDate "2023.10.10"]
[SourceQuality "1"]

1. d4 d5 2. Nf3 Nf6 3. Bg5 e6 4. e3 Be7 5. Bd3 0-0 6. 0-0 Bd7 7. Nbd2 Qe8 8. Re1 Bb5 9. e4 Bxd3 10. cxd3 c6 11. Nb3 h6 12. Bh4 Nbd7 13. Ne5 Nxe5 14. dxe5 Nd7 15. Bxe7 Qxe7 16. exd5 cxd5 17. d4 Rac8 18. Rc1 Nb6 19. Nc5 Rc7 20. Qg4 Rfc8 21. Qf4 Qg5 22. Qxg5 hxg5 23. Re3 Nd7 24. Rec3 Nxc5 25. Rxc5 Rc6 26. b4 a6 27. Rxc6 Rxc6 28. Rxc6 bxc6 29. Kf1 Kf8 30. Ke2 Ke7 31. Kd2 Kd7 32. Kc3 Kc7 33. a4 Kb6 34. f3 g6 35. g3 Kb7 36. a5 Kc7 37. Kd3 Kd7 38. Ke3 Ke7 39. h3 f5 40. h4 gxh4 41. gxh4 Kf7 42. Kf4 Kg7 43. Kg5 Kf7 44. Kh6 f4 45. Kg5 Kg7 46. Kxf4 Kh6 47. Kg4 Kg7 48. Kg5 Kf7 49. Kh6 Ke7 50. Kxg6 Kd7 51. h5 Ke7 52. h6 Kf8 53. h7 Ke7 54. h8Q 1-0

[Event "EThessaloniki SSTH HALK-ch U16"]
[Site "Thessaloniki"]
[Date "2017.11.12"]
[Round "4.5"]
[White "Pasoglou, Nikoleta"]
[Black "Altinaki, Angeliki"]
[Result "1-0"]
[WhiteElo "1385"]
[BlackElo "1000"]
[PlyCount "89"]
[EventDate "2017.10.01"]
[EventType "swiss"]
[EventRounds "6"]
[EventCountry "GRE"]
[SourceTitle "EXT 2024"]
[Source "ChessBase"]
[SourceDate "2023.10.10"]
[SourceVersion "1"]
[SourceVersionDate "2023.10.10"]
[SourceQuality "1"]

1. e4 e5 2. Nf3 Nc6 3. Bb5 d6 4. c3 Bg4 5. 0-0 Be7 6. h3 Bh5 7. d4 exd4 8. cxd4 Nf6 9. Nc3 0-0 10. Be3 d5 11. e5 Ne4 12. Bd3 Bg5 13. Bxe4 Bxe3 14. fxe3 dxe4 15. Nxe4 Qd7 16. Ng3 Rfd8 17. Nxh5 Qf5 18. Ng3 Qe6 19. Ng5 Qg6 20. Qh5 h6 21. Qxg6 fxg6 22. Ne6 Re8 23. Nxc7 Red8 24. Nxa8 Rxa8 25. Rad1 Nb4 26. a3 Nd5 27. Rfe1 Rf8 28. e4 Nb6 29. b3 a5 30. d5 Kh7 31. d6 Rg8 32. d7 Rd8 33. e6 Nc8 34. dxc8Q Rxc8 35. e7 Re8 36. Rd7 g5 37. Nf5 h5 38. Rd8 Rxe7 39. Nxe7 g4 40. Nf5 gxh3 41. gxh3 g6 42. Rd7+ Kg8 43. Nh6+ Kh8 44. Rf1 g5 45. Rf8# 1-0

[Event "GRE-chT 45th"]
[Site "Achaia"]
[Date "2017.07.04"]
[Round "2.3"]
[White "Kiousi, Panagiota"]
[Black "Pasoglou, Nikoleta"]
[Result "0-1"]
[WhiteElo "1512"]
[BlackElo "1241"]
[PlyCount "102"]
[EventDate "2017.07.03"]
[EventType "team-swiss"]
[EventRounds "7"]
[EventCountry "GRE"]
[SourceTitle "CBM 179 Extra"]
[Source "ChessBase"]
[SourceDate "2017.08.23"]
[SourceVersion "1"]
[SourceVersionDate "2017.08.23"]
[SourceQuality "1"]
[WhiteTeam "Pine AO"]
[BlackTeam "Thessaloniki HS"]
[WhiteTeamCountry "GRE"]
[BlackTeamCountry "GRE"]

1. d4 Nf6 2. c4 Nc6 3. Nc3 e5 4. d5 Ne7 5. Bg5 Ng6 6. a3 Be7 7. e4 Nxd5 8. exd5 Bxg5 9. Bd3 Nf4 10. Qf3 d6 11. Nge2 Nxd3+ 12. Qxd3 Qf6 13. Ng3 0-0 14. 0-0 Qf4 15. Nb5 Bd8 16. Rfe1 f5 17. Re3 a6 18. Nc3 Bg5 19. Qf1 Qh4 20. Ree1 Rf6 21. h3 Bf4 22. Nce2 Bxg3 23. Nxg3 Rg6 24. Kh2 f4 25. Ne4 Rh6 26. f3 Bf5 27. b4 Bxe4 28. Rxe4 Qg3+ 29. Kh1 Rf8 30. Ra2 Rf5 31. Qg1 Rfh5 32. Rf2 g5 33. Ree2 g4 34. fxg4 Qxg4 35. Qh2 Kh8 36. Qg1 Qg6 37. Rd2 Qe4 38. Kh2 Qxc4 39. Rf3 Rg5 40. Qd1 Qb5 41. Rc2 Qd7 42. Qc1 Qg4 43. Rb2 e4 44. Rxf4 Qg3+ 45. Kh1 e3 46. Rf3 Rxh3+ 47. gxh3 Qxf3+ 48. Kh2 Qg3+ 49. Kh1 Qxh3+ 50. Rh2 Qf3+ 51. Rg2 Qxg2# 0-1

[Event "GRE-ch U12 Girls"]
[Site "Porto Rio"]
[Date "2016.06.29"]
[Round "3"]
[White "Pasoglou, Nikoleta"]
[Black "Kouta, Antonia"]
[Result "0-1"]
[WhiteElo "1307"]
[BlackElo "1592"]
[PlyCount "60"]
[EventDate "2016.06.28"]
[EventType "swiss"]
[EventRounds "9"]
[EventCountry "GRE"]
[SourceTitle "CBM 173 Extra"]
[Source "ChessBase"]
[SourceDate "2016.08.29"]
[SourceVersion "1"]
[SourceVersionDate "2016.08.29"]
[SourceQuality "1"]

1. c4 Nf6 2. g3 e6 3. Bg2 d5 4. cxd5 exd5 5. Nf3 c6 6. 0-0 Bd6 7. Nc3 Bf5 8. h3 0-0 9. d3 h6 10. Re1 Re8 11. Bd2 Nbd7 12. Qa4 Qb6 13. Qb3 Nc5 14. Qxb6 axb6 15. Nd4 Bg6 16. Nb3 Nxb3 17. axb3 Rxa1 18. Rxa1 d4 19. Ne4 Nxe4 20. Bxe4 Bxe4 21. dxe4 Rxe4 22. e3 dxe3 23. Bxe3 Rb4 24. Ra7 Rxb3 25. Rxb7 c5 26. Rd7 Be5 27. Rd8+ Kh7 28. Rd7 Kg6 29. f4 Bxb2 30. Rd6+ f6 0-1

[Event "GRE-chT 43rd"]
[Site "Porto Rio"]
[Date "2015.10.11"]
[Round "6.13"]
[White "Pasoglou, Nikoleta"]
[Black "Anthopoulou, Ioanna"]
[Result "1-0"]
[WhiteElo "1218"]
[BlackElo "1269"]
[PlyCount "117"]
[EventDate "2015.10.08"]
[EventType "team-swiss"]
[EventRounds "7"]
[EventCountry "GRE"]
[SourceTitle "CBM 168 Extra"]
[Source "ChessBase"]
[SourceDate "2015.10.29"]
[SourceVersion "1"]
[SourceVersionDate "2015.10.29"]
[SourceQuality "1"]
[WhiteTeam "Kalamarias Han"]
[BlackTeam "Papagou"]
[WhiteTeamCountry "GRE"]
[BlackTeamCountry "GRE"]

1. e4 e5 2. Nf3 Nc6 3. Bb5 a6 4. Ba4 Nf6 5. d3 d6 6. 0-0 b5 7. Bb3 Na5 8. Nc3 Nxb3 9. axb3 c5 10. Bg5 Bb7 11. Re1 Be7 12. Nh4 h6 13. Bxf6 Bxf6 14. Nf5 0-0 15. Ne3 Re8 16. Ncd5 Bg5 17. Qg4 Re6 18. Qe2 Rg6 19. Nf5 Bxd5 20. exd5 Bf4 21. g3 Qg5 22. Qe4 Qd8 23. h4 Ra7 24. Kh1 Bd2 25. Re2 Ba5 26. f4 Bc7 27. fxe5 dxe5 28. d6 Bxd6 29. Nxd6 Qxd6 30. Qxe5 Qc6+ 31. Kh2 Re6 32. Qb8+ Kh7 33. Rxe6 Qxe6 34. Qxa7 Qe2+ 35. Kg1 Qe3+ 36. Kh1 Qf3+ 37. Kh2 Qf2+ 38. Kh3 Qf5+ 39. Kg2 Qd5+ 40. Kf2 Qf5+ 41. Ke2 Qg4+ 42. Kd2 Qb4+ 43. c3 Qxb3 44. Rb1 Qd5 45. Qe7 Qg2+ 46. Qe2 Qxg3 47. Qe4+ Kh8 48. Re1 Qf2+ 49. Re2 Qf6 50. Ke3 Kg8 51. Rf2 Qd8 52. Rf5 Qc8 53. Re5 Qh3+ 54. Kd2 Qh2+ 55. Kc1 Qg1+ 56. Kc2 Qf2+ 57. Kb3 c4+ 58. dxc4 bxc4+ 59. Kxc4 1-0

[Event "GRE-chT 43rd"]
[Site "Porto Rio"]
[Date "2015.10.08"]
[Round "1.13"]
[White "Pasoglou, Nikoleta"]
[Black "Mastrakouli, Evagelia"]
[Result "0-1"]
[WhiteElo "1218"]
[BlackElo "1640"]
[PlyCount "80"]
[EventDate "2015.10.08"]
[EventType "team-swiss"]
[EventRounds "7"]
[EventCountry "GRE"]
[SourceTitle "CBM 168 Extra"]
[Source "ChessBase"]
[SourceDate "2015.10.29"]
[SourceVersion "1"]
[SourceVersionDate "2015.10.29"]
[SourceQuality "1"]
[WhiteTeam "Kalamarias Han"]
[BlackTeam "OFI"]
[WhiteTeamCountry "GRE"]
[BlackTeamCountry "GRE"]

1. c4 Nf6 2. g3 g6 3. Nc3 Bg7 4. Bg2 0-0 5. Nf3 d6 6. 0-0 Nc6 7. d4 a6 8. Bg5 h6 9. Bxf6 Bxf6 10. h3 Rb8 11. Qd2 Bg7 12. Rab1 Na5 13. b3 Bd7 14. d5 c5 15. dxc6 Nxc6 16. Nd5 b5 17. cxb5 axb5 18. e3 b4 19. Nd4 Nxd4 20. exd4 e6 21. Ne3 d5 22. Ng4 Kh7 23. Rfd1 Qa5 24. Ne5 Bxe5 25. dxe5 Qc7 26. f4 Rfc8 27. Rbc1 Qa5 28. Kh2 Rc3 29. Rxc3 bxc3 30. Qc2 Rc8 31. Bf1 Qa3 32. Rc1 Qb2 33. Bd3 d4 34. Qxb2 cxb2 35. Rxc8 Bxc8 36. Kg1 Ba6 37. Bb1 d3 38. Kf2 d2 39. Bc2 d1Q 40. Bxd1 b1Q 0-1

[Event "GRE-ch U12 Girls"]
[Site "Rio Achaia"]
[Date "2015.07.01"]
[Round "8.5"]
[White "Pasoglou, Nikoleta"]
[Black "Pramateftaki, Anastasia"]
[Result "0-1"]
[WhiteElo "1129"]
[BlackElo "1165"]
[PlyCount "90"]
[EventDate "2015.06.26"]
[EventType "swiss"]
[EventRounds "9"]
[EventCountry "GRE"]
[SourceTitle "EXT 2024"]
[Source "ChessBase"]
[SourceDate "2023.10.10"]
[SourceVersion "1"]
[SourceVersionDate "2023.10.10"]
[SourceQuality "1"]

1. d4 d5 2. e3 e6 3. Bd3 Nf6 4. c3 Be7 5. f4 c5 6. Nf3 0-0 7. 0-0 Nbd7 8. Nbd2 Re8 9. Kh1 Nf8 10. Rg1 Ng4 11. Qe1 Ng6 12. Bxg6 fxg6 13. h3 Nh6 14. Ne5 Nf5 15. Ndf3 Rf8 16. g4 Nh6 17. b3 Nf7 18. Ba3 Qc7 19. Qg3 Nd6 20. Nd2 Nb5 21. Bxc5 Bxc5 22. dxc5 Qxc5 23. c4 Nc3 24. Qf2 g5 25. Rgc1 Ne4 26. Nxe4 dxe4 27. Re1 gxf4 28. Qb2 fxe3 29. Rf1 Rf2 30. Rxf2 exf2 31. Rf1 e3 32. Nd3 Qc6+ 33. Kh2 Qd6+ 34. Kh1 Qxd3 35. Qc1 Qd4 36. Rd1 Qe4+ 37. Kh2 Qf4+ 38. Kh1 Qf3+ 39. Kh2 e2 40. Rd8+ Kf7 41. Rf8+ Kxf8 42. Qa3+ Kf7 43. Qd6 f1Q 44. Qc7+ Kg6 45. Qg3 Q1h1# 0-1